02056 a2200217 4500020001500000020001500015040001300030082001300043100002500056245010400081246008700185260002900272300005800301520110900359538008501468538003601553538007201589650006201661700001701723856009801740 a075067914X a075067914X aDLCbDLC a621.38221 aKehtarnavaz, Nasser.10aDigital signal processing system-level design using LabVIEW cby Nasser Kehtarnavaz and Namjin Kim.3 aDigital signal processing system-level design using LabVIEWh[electronic resource] aOxford :bNewnes,c2005. axii, 290 p. :bill. ;c24 cm. +e1 CD-ROM (4 3/4 in.)1 a"LabVIEW (Laboratory Virtual Instrumentation Engineering Workbench) developed by National Instruments is a graphical programming environment. Its ease of use allows engineers and students to streamline the creation of code visually, leaving time traditionally spent on debugging for true comprehension of DSP." "This book is perfect for practicing engineers, as well as hardware and software technical managers who are familiar with DSP and are involved in system-level design. With this text, authors Kehtarnavaz and Kim have also provided a valuable resource for students in conventional engineering courses. The integrated lab exercises create an interactive experience which supports development of the hands-on skills essential for learning to navigate the LabVIEW program." "Digital Signal Processing System-Level Design Using LabVIEW is a comprehensive tool that will greatly accelerate the DSP learning process. Its thorough examination of LabVIEW leaves no question unanswered. LabVIEW is the program that will demystify DSP and this is the book that will show you how to master it."--BK JACKET. aSystem requirements for accompanying CD-ROM IBM PC or compatible ; CD-ROM drive. aMode of access: World Wide Web. aSystem requirements: Internet connectivity; World Wide Web browser. 0aSignal processingxDigital techniquesxComputer programs.1 aKim, Namjin.41uhttp://libproxy1.nus.edu.sg/login?url=http://www.sciencedirect.com/science/book/9780750679145